000 00633nam a2200217Ia 4500
005 20260429112022.0
008 260429s9999||||xx |||||||||||||| ||und||
020 _a9781032761305
041 _aEnglish
082 _a658.7
_bROB
100 _aRobertson, Peter W.
245 0 _aSupply chain analytics :
_busing data to optimise supply chain processes /
_cPeter W. Robertson
250 _a2nd ed.
260 _aNew York :
_bRoutledge,
_c2026.
300 _axx, 330 p.; pbk
440 _aMastering Business Analytics
650 _a Data analytics
650 _a Logistics
650 _aSupply chain management
942 _cTB
999 _c51916
_d51916